000 00396nam a2200145Ia 4500
005 20250311080839.0
008 240331s9999 xx 000 0 und d
082 _bBAL
_a894
100 _aBalendran, M
245 0 _aSigaram
260 _bChennai
_aGeetham Publication
_c2005
300 _a304 p .,
500 _aA Novel about upcountry Peoples life and Importance of Women's Education
942 _cL
999 _c4319
_d4319